00673nam a2200169 a 450000100100000000500170001000800410002704000250006810000290009324500860012226000340020830000210024250000690026360000490033295201050038199900170048600002635420240705073646.0110314s1940 dr 000 0 spa d aDO-SdBNPbspacBNPHU1 aHostos, Adolfo de95338410aÍndice hemero-bibliográfico de Eugenio María de Hostos /cAdolfo de Hostos. aSan Juan, Puerto Rico,c1940. a756 P. ;c23 cm. aIncluye material inédito, iconografía hostosiana (1863-1940)10aHostos, Eugenio María de,d1839-190391352 0010718PDaGRbGRcCTd2011-03-15iLF1l0o p26354-10r2020-06-25w2020-06-25yLFPDZNo se presta c25846d25846